| 000 | 00942nam a2200253 a 4500 | ||
|---|---|---|---|
| 005 | 20260204064125.0 | ||
| 008 | 060404s2004 ag r 000 0 spa d | ||
| 020 | _a987110555X | ||
| 035 | _aUPN01000143755 | ||
| 049 | _aCG | ||
| 050 | 4 |
_aLC148 _bB6.3 |
|
| 100 | 1 |
_aBourdieu, Pierre, _d1930-2002 |
|
| 245 | 1 | 4 |
_aLos herederos : _blos estudiantes y la cultura / _cPierre Bourdieu y Jean-Claude Passeron ; tr. Marcos Mayer. |
| 260 |
_aBuenos Aires : _bSiglo XXI, _c2004. |
||
| 300 |
_axxxii, 189 p. : _bgráfs. |
||
| 440 | 0 | _aSociología y política | |
| 534 |
_pTítulo original: _tLes héritiers : les étudiants et la culture |
||
| 650 | 4 |
_aASISTENCIA A LA UNIVERSIDAD _95490 |
|
| 650 | 4 |
_aEstudiantes _xCondiciones sociales _922513 |
|
| 650 | 4 |
_aEstudiantes _xCondiciones económicas _922514 |
|
| 650 | 4 |
_aEstudiantes _zFrancia _xCondiciones sociales _913960 |
|
| 700 | 1 |
_aPasseron, Jean Claude, _d1930- _ecoaut. _928599 |
|
| 905 | _aLibro | ||
| 999 |
_c115902 _d115902 |
||